The girl who loved caterpillars : (Record no. 12294)
[ view plain ]
| 000 -LEADER | |
|---|---|
| fixed length control field | 00538nam a22001817a 4500 |
| 003 - CONTROL NUMBER IDENTIFIER | |
| control field | OSt |
| 005 - DATE AND TIME OF LATEST TRANSACTION | |
| control field | 20140310182349.0 |
| 008 - FIXED-LENGTH DATA ELEMENTS--GENERAL INFORMATION | |
| fixed length control field | 130316t xxu||||| |||| 00| 0 eng d |
| 020 ## - INTERNATIONAL STANDARD BOOK NUMBER | |
| International Standard Book Number | 0698113934 |
| 050 ## - LIBRARY OF CONGRESS CALL NUMBER | |
| Classification number | PZ 7 |
| Item number | M5357Gi 1992 |
| 082 ## - DEWEY DECIMAL CLASSIFICATION NUMBER | |
| Classification number | GS 823 |
| Item number | M55g 1992 |
| 100 ## - MAIN ENTRY--PERSONAL NAME | |
| Personal name | Merrill, Jean |
| 9 (RLIN) | 22142 |
| 245 ## - TITLE STATEMENT | |
| Title | The girl who loved caterpillars : |
| Statement of responsibility, etc | Jean Merrill |
| Remainder of title | a twelfth-century tale from Japan / |
| 260 ## - PUBLICATION, DISTRIBUTION, ETC. (IMPRINT) | |
| Place of publication, distribution, etc | New York |
| Name of publisher, distributor, etc | Philomel Books |
| Date of publication, distribution, etc | 1992 |
| 300 ## - PHYSICAL DESCRIPTION | |
| Extent | 1 v. (unpaged) |
| Other physical details | col. ill. |
| Dimensions | 29 cm. |
| 942 ## - ADDED ENTRY ELEMENTS (KOHA) | |
| Source of classification or shelving scheme | Library of Congress Classification |
| Koha item type | |
| Withdrawn status | Lost status | Source of classification or shelving scheme | Damaged status | Home library | Current library | Shelving location | Date acquired | Total Checkouts | Full call number | Barcode | Date last seen | Copy number | Price effective from | Koha item type |
|---|---|---|---|---|---|---|---|---|---|---|---|---|---|---|
| Library of Congress Classification | Luxembourg Library | Luxembourg Library | Grade School Section | 09/28/2013 | PZ 7 .M5357Gi 1992 | 6729 | 09/28/2013 | 1 | 09/28/2013 | Books |